| 000 | 00391nam a2200145 a 4500 | ||
|---|---|---|---|
| 001 | 964 | ||
| 003 | CDMR | ||
| 005 | 20130116135159.0 | ||
| 008 | 130130s1985||||||||||||||||||||||||||||d | ||
| 040 |
_aCDMR _bcat _cCDMR |
||
| 111 | 2 |
_aColoquios de Alcor _cMadrid _d1985 _n6º _9312 |
|
| 245 | 1 | 3 | _aEl hombre ante la nueva era tecnológica de la comunicación |
| 260 |
_aMadrid _c1985 _bDossat |
||
| 942 | _cMON | ||
| 999 |
_c964 _d964 |
||